Historia social de la literatura y el arte /

Guardado en:
Autor Principal: Hauser, Arnold, 1892-1978.
Formato: Libro
Idioma:Spanish
Publicado: Madrid : Guadarrama, 1964.
Edición:3a.ed.
Materias:
Etiquetas: Agregar Etiqueta
Sin Etiquetas, Sea el primero en etiquetar este registro!
LEADER 01267nam a22002775a 4500
001 EUN.eunm005404
005 20190701090523.0
008 041125s1964####sp############000#0#spa#d
082 0 4 |a 800.9  |2 15 
082 0 4 |a 700.9  |2 15 
100 1 |a Hauser, Arnold,  |d 1892-1978. 
245 1 0 |a Historia social de la literatura y el arte /  |c Arnold Hauser. 
250 |a 3a.ed. 
260 |a Madrid :  |b Guadarrama,  |c 1964. 
300 |a 2 v. 
505 0 |a v.1: Prehistoria -- Antiguas culturas orientales -- Grecia y Roma -- Edad Media -- Renacimiento -- Manierismo -- Barroco -- v.2: Rococó -- Clasicismo -- Romanticismo -- Naturalismo e impresionismo -- El cine.- 
650 7 |a Literatura.  |2 unbist 
650 7 |a Artes.  |2 unbist 
653 |a Historia de la literatura 
653 |a Historia del arte 
859 |a AR-BaUNS  |b BIB. CENTRAL - Sector A  |h 800.9  |i H295-1  |p 106935/997  |v v.1 
859 |a AR-BaUNS  |b BIB. CENTRAL - Sector A  |h 800.9  |i H295-1  |p 226/967  |t Ej.2  |v v.1 
859 |a AR-BaUNS  |b BIB. CENTRAL - Sector A  |h 800.9  |i H295-1  |p 228/967  |t Ej.3  |v v.1 
859 |a AR-BaUNS  |b BIB. CENTRAL - Sector A  |h 800.9  |i H295-1  |p 48/965  |v v.2 
859 |a AR-BaUNS  |b BIB. CENTRAL - Sector A  |h 800.9  |i H295-1  |p 229/967  |t Ej.2  |v v.2 
859 |a AR-BaUNS  |b BIB. CENTRAL - Sector A  |h 800.9  |i H295-1  |p 227/967  |t Ej.3  |v v.2